| 000 | 00539nam a2200157 4500 | ||
|---|---|---|---|
| 008 | 170329b xxu||||| |||| 00| 0 eng d | ||
| 022 | _a01153544 | ||
| 082 | _aDPer 338.05 En86 Apr-Jul 2015 v. 15, n. 158-161 | ||
| 100 |
_919590 _aTayag, Claude |
||
| 245 |
_aWalang hiya!: _bproudly dishing out Filipino fare/ _cTayag, Claude. |
||
| 260 |
_aPhilippines: _bSummit Media, _cApr-Jul 2015. |
||
| 300 |
_av15 n160, pages 79-80: _billustrations, _c28 cm. |
||
| 500 | _aEntrepreneur. | ||
| 650 | 0 |
_919591 _aBusiness _xFood |
|
| 942 |
_2ddc _cPER |
||
| 999 |
_c6474 _d6474 |
||